000 00417nmm a2200157Ia 4500
008 251105s9999||||xx |||||||||||||||||und||
020 _a8484296741
041 _aspa
100 _aBernat Pané, Josep
245 0 _aSucesiones y series
264 _a[Madrid, España] :
_bUOC Papers,
_c2002
300 _a86 páginas
650 _aSciences
856 _uhttps://public.digitaliapublishing.com/a/5778
942 _cCF
999 _c73776
_d73776